Представление документа в формате RUSMARC

ПолеНазваниеЗначение
  Тип записи a
  Библиографический уровень a
001 Контрольный номер RU/CBS_Ul/BASE/458505843
005 Дата корректировки 20240209175141.7
100 Данные общей обработки __
a Данные общей обработки 20140712d2014 ||| 0rusy0189 ca
101 Язык документа 0_
a Язык текста rus
102 Страна публикации __
a Страна публикации RU
105 Кодированные данные (монография) __
a Кодированные данные (монография) y###||||000|y
200 Заглавие и сведения об ответственности 1_
a Заглавие "Укол" креативности
b Общее обозначение материала Текст
f Первые сведения об ответственности Д. Пек
300 Общие примечания __
a Общие примечания Ограничения по возрасту - 16+
461 Уровень набора _0
1 2000
a Неприкосновенный запас
463 Уровень физической единицы _0
1 001RU/CBS_Ul/BASE/449411296
1 2000
a №6
v С.172-190.
1 210
d 2013
610 Ключевые слова 0_
a Ключевые слова культура
a Ключевые слова креативность
a Ключевые слова мода
a Ключевые слова креативные города
a Ключевые слова города
686 Индексы других классификаций __
a Классификационный индекс 71.4
2 Код системы ББК
700 Автор _1
a Фамилия Пек
b Имя (инициалы) Д.
801 Источник записи _0
a Страна RU
b Организация МБУК ЦБС г. Ульяновска
c Дата составления 20140712
g Правила каталогизации RCR
801 Источник записи _1
a Страна RU
b Организация МБУК ЦБС г. Ульяновска
c Дата составления 20140712
g Правила каталогизации RCR
901 Тип документа __
t Тип документа b
w Контрольный № источника RU/CBS_Ul/BASE/449411296
910 Корректоры записи __
a Корректор записи Библиотека 8
938 Служебная информация __
a Имя БД period